000 00328nam a22001337a 4500
008 171024b xxu||||| |||| 00| 0 eng d
020 _a0130491314
041 _aeng
080 _a311
100 _a55
101 _aSTA
245 _aARTIFICIAL INTELLIGENCE WITH STATISTICAL PATTERN RECOGNITION
_cPATRICK,E.A
942 _2udc
_cBK
999 _c35642
_d35642